Domadores de historias: conversaciones con grandes cronistas de América Latina

Gespeichert in:
Bibliographische Detailangaben
1. Verfasser: Aguilar, Marcela (VerfasserIn)
Format: Buch
Sprache:Spanisch
Veröffentlicht: Santiago Ediciones Universidad FinisTerrae 2010
Santiago Ril Ediciones 2010
Ausgabe:1a. ed
Schlagworte:
Tags: Tag hinzufügen
Keine Tags, Fügen Sie den ersten Tag hinzu!

MARC

LEADER 00000cam a2200000 a 4500
001 UCF8647
003 CL-VaPUC
008 130930e20101200cl |||||||||||||||||spa|d
020 |a 9789562847827 
082 0 4 |a H860.9  |b AGU  |2 21 
100 0 |a Aguilar, Marcela  |e author  |9 570776 
245 1 0 |a Domadores de historias: conversaciones con grandes cronistas de América Latina 
250 |a 1a. ed 
300 |a 344 p 
942 |c BK 
945 |d 20130930 13:19:00  |a dcastane 
260 |a Santiago  |b Ediciones Universidad FinisTerrae  |c 2010 
260 |a Santiago  |b Ril Ediciones   |c 2010 
650 0 |a Literatura latinoamericana  |9 309997 
650 0 |a Crítica e interpretación   |9 255042 
583 |a last modification  |c 20170518 11:46:59  |k Rodrigo Vera 
999 |c 353214  |d 353212 
952 |0 0  |1 0  |3 erb  |4 0  |6 H_860_900000000000000_AGU_2010_2010  |7 0  |8 A  |9 458296  |a BIBCUR  |b BIBCUR  |d 2019-11-23  |i 5011418  |o H860.9 AGU 2010 2010  |p 5011418  |r 2025-04-22  |w 2019-11-23  |y BK  |z Catalogado en:20130930  |k PER